000 00298nam a22001337a 4500
008 170907b xxu||||| |||| 00| 0 eng d
020 _a0521239761
041 _aeng
080 _a91
100 _a42
101 _aGJEO
245 _aPHOTOGRAPHIC ATLAS OF THE PLANETS
_cBRIGGS,G
942 _2udc
_cBK
999 _c26588
_d26588